LEADER 01202nam0-22003371i-450- 001 990004341640403321 005 20050222115832.0 035 $a000434164 035 $aFED01000434164 035 $a(Aleph)000434164FED01 035 $a000434164 100 $a19990604d--------km-y0itay50------ba 101 0 $aita 105 $ay-------001yy 200 1 $aAfrique noire occidentale et centrale$fJean Suret-Canale$gpreface de Jean Dresch 205 $a3.ed.r. 210 $aParis$cEditions Sociales 215 $a3 v.$d22 cm 327 $1001000112043$12001$a1.: Geographie, civilisations, histoire. -c1968 327 $1001000112044$12001$a2.: L'ere coloniale$e1900-1945. -c1964 327 $1001000112045$12001$a3.: De la colonisation aux independances$e1945-1960. 3.1$eCrise du systeme colonial et capitalisme monopoliste d'etat. -c1972 676 $a960.31$v21$zita 700 1$aSuret-Canale,$bJean$0173284 702 1$aDresch,$bJean$f<1905-1994> 801 0$aIT$bUNINA$gRICA$2UNIMARC 901 $aBK 912 $a990004341640403321 952 $a960.31 SUR 1 (1-3.1)$bI.st.r.c.236-38$fFLFBC 959 $aFLFBC 996 $aAfrique noire occidentale et centrale$9486368 997 $aUNINA LEADER 01203nam2-2200397li-450 001 990000113360203316 005 20180918160655.0 010 $a0-471-10141-9 035 $a0011336 035 $aUSA010011336 035 $a(ALEPH)000011336USA01 035 $a0011336 100 $a2001995031982-------y0itay0103----ba 101 0 $aeng 102 $aUS 200 1 $aAnalysis$feditors Walter Ledermann, Steven Vajda$vvol. 4 210 $aChichester$cJohn Wiley & Sons$d1982 215 $a865 p.$cill., tab., graf.$d25 cm 315 $aaltro genere 461 0$10010011335$12001$aHandbook of applicable mathematics$fchief editor: Walter Ledermann 610 1 $aanalisi matematica 676 $a510.$9. 700 1$aLedermann,$bWalter$013649 801 $aSistema bibliotecario di Ateneo dell' Università di Salerno$gRICA 912 $a990000113360203316 951 $aM66 (I)$b000019L 951 $aG/49$b874$cG 959 $aBK 969 $aDIMEC 979 $c19950303 979 $c20001110$lUSA01$h1711 979 $c20020403$lUSA01$h1619 979 $aPATRY$b90$c20040406$lUSA01$h1609 979 $aDIMEC$b90$c20061214$lUSA01$h1512 996 $aAnalysis$9910778 997 $aUNISA